000 00258nam a2200109Ia 4500
008 220630s9999 xx 000 0 und d
020 _a978 0 14 353051 0
082 _aEF MORG
100 _aMorgan Alistair
_9125515
245 0 _aSleeper's wake
942 _cBK
_w561
_xJohn Tresidder
_y561
_zJohn Tresidder
999 _c699504
_d699503